000
00306pam a2200133 a 4500
020
_c
041
_h
082
_a
750
_b
HUM
100
_a
Dani Humberstone.
245
_a
How to Paint - Abstracts
_h
Textual Documents
260
_a
[s.l]:
_b
Search Press ,
_c
2013.
300
_a
64:
_b
paper.
930
_a
7773
999
_c
241563
_d
241563